Law of Evidence : The Qanun-e-Shahadat Order, 1984 [10 of 1984] (Record no. 540951)
[ view plain ]
| 000 -LEADER | |
|---|---|
| fixed length control field | 00378nam a22001217a 4500 |
| 082 ## - DEWEY DECIMAL CLASSIFICATION NUMBER | |
| Classification number | 347.4206 MUS |
| 100 ## - MAIN ENTRY--PERSONAL NAME | |
| Personal name | Mushtaq, Mian Imran |
| 245 ## - TITLE STATEMENT | |
| Title | Law of Evidence : The Qanun-e-Shahadat Order, 1984 [10 of 1984] |
| Statement of responsibility, etc. | Mian Imran Mushtaq |
| 260 ## - PUBLICATION, DISTRIBUTION, ETC. | |
| Place of publication, distribution, etc. | Lahore |
| Name of publisher, distributor, etc. | Irfan Law Book House |
| Date of publication, distribution, etc. | 2015 |
| 300 ## - PHYSICAL DESCRIPTION | |
| Extent | 636p |
| 942 ## - ADDED ENTRY ELEMENTS (KOHA) | |
| Source of classification or shelving scheme | |
| Koha item type | Book |
| Withdrawn status | Lost status | Source of classification or shelving scheme | Damaged status | Not for loan | Permanent Location | Current Location | Date acquired | Total Checkouts | Total Renewals | Full call number | Barcode | Checked out | Date last seen | Date last checked out | Price effective from | Koha item type |
|---|---|---|---|---|---|---|---|---|---|---|---|---|---|---|---|---|
| NUST Law School (NLS) | NUST Law School (NLS) | 11/13/2020 | 7 | 3 | 347.4206 MUS | CL-437 | 10/16/2025 | 09/16/2025 | 09/16/2025 | 11/13/2020 | Book |
